00706nam a22001817a 4500007000300000008004100003082001700044100004100061245012400102260008000226300001800306521006300324650002600387650002700413650001500440653002600455700004300481ta150515b xxu||||| mmmm 00| 0 eng d aTES SAN 2026 aSánchez Cabello, Hernán Leonardo aCausas de la Sobrecarga Laboral Docente de la Escuela María Luisa Sepulveda de la comuna de Quilicura del año 2024. aSantiago:bUniversidad Miguel de Cervantes. Escuela de Trabajo Socialc2026 a68p.; Anexos. aTesis para optar al Grado de Licenciado en Trabajo Social. aSobrecarga de trabajo aCondiciones de trabajo aProfesores aTesisaTrabajo social aPalma Fuentes, MabelqProfesora guía